Regulating labor relations in global production networks: insights on international framework agreements /
Bewaard in:
| Hoofdauteur: | |
|---|---|
| Andere auteurs: | , |
| Formaat: | Texto |
| Tags: |
Voeg label toe
Geen labels, Wees de eerste die dit record labelt!
|
MARC
| LEADER | 00000 a a2200000 04500 | ||
|---|---|---|---|
| 001 | 48165 | ||
| 003 | |||
| 040 | |||
| 100 | |a Fichter, Michael | ||
| 245 | |a Regulating labor relations in global production networks: |b insights on international framework agreements / |c Michael Fichter, Markus Helfen, Jörg Sydow | ||
| 700 | |a Helfen, Markus | ||
| 700 | |a Sydow, Jörg | ||
| 773 | |g número2, (2011), páginas 69-86 | ||
| 999 | |c 21349 |d 21349 | ||
